Presidents With the Most Cities Named After Them - Statistics

General Stats
  • This quiz has been taken 1,097 times
  • The average score is 7 of 10
Answer Stats
Cities Named After Them President % Correct
59 George Washington
99%
4 Abraham Lincoln
94%
5 Thomas Jefferson
88%
3 John Quincy Adams
83%
21 Andrew Jackson
75%
3 James Madison
72%
12 James Monroe
72%
6 William Henry Harrison
50%
2 James Polk
47%
5 James Buchanan
30%
No matching quizzes found
Score Distribution
Percent of People with Each Score
Percentile by Number Answered
Your Score History
You have not taken this quiz